Aladin

Bibliographic Details
Corporate Author: Walt Disney Enterprises (Author)
Other Authors: Zvončeková, Dáša, 1953-2024 (Translator)
Format: Book
Language:Slovak
English
PhysicalDescription:112 s. 23 cm
Published: Bratislava Egmont Neeografia, s.r.o. 1993
ISBN:8071346217
Edition:1. vyd.
Subjects:

MARC

LEADER 00000nam a2200000 a 4500
001 vtls001073322
003 SK-MaSNL
005 20260301111028.0
008 160314s1993 xo 0 slo
015 |a SNBA1993/11 
020 |a 8071346217  |c 70 Sk 
035 |a SNK000016153 
040 |a SNK  |b slo  |c SNK  |e AACR2 
041 1 |a slo  |h eng 
044 |a xo  |c SK 
080 |a 820 (73)-3(087.5)  |2 1981 
110 0 |a Walt Disney Enterprises  |4 aut  |9 99785 
245 1 0 |a Aladin  |c Walt Disney ; [z anglického originálu preložila Dáša Zvončeková] 
250 |a 1. vyd. 
260 |a Bratislava  |b Egmont Neeografia, s.r.o.  |c 1993  |e Martin  |f Neografia 
300 |a 112 s.  |c 23 cm 
500 |a Ilustr. na tit. liste, front. a predsádkach 
655 7 |a rozprávky  |2 SNKPH  |9 70597 
655 7 |a publikácie pre deti  |2 SNKPH  |9 70148 
700 1 |a Zvončeková, Dáša,  |d 1953-2024  |4 trl  |9 103285 
919 |a 80-7134-621-7 
958 |a UC 
958 |a LX 
958 |a DB 
958 |a TL 
958 |a UP 
958 |a NS 
968 |b ENG  |d Z angl. orig. 
999 |c 705166  |d 707096 
952 |a SNK  |b SNK  |y PREZ  |7 0  |p 17A1010829  |o snkSC 84717   |0 0  |1 0  |4 0  |d 2012-08-24  |l 0  |r 2025-08-25 00:00:00  |w 2026-02-23 
952 |t P60, <05>, [BOOK], {605}  |a SNK  |b SNK  |y PREZ  |7 0  |p 17A0255058  |o snkSC 84717 D1  |i snkKSP 9449/93  |0 0  |1 0  |4 0  |d 2000-10-21  |l 0  |r 2004-12-31 00:00:00  |w 2026-02-23